ہند و ستا نی ر نگ (Record no. 174087)

MARC details
000 -LEADER
fixed length control field 00597nam a22001937a 4500
005 - DATE AND TIME OF LATEST TRANSACTION
control field 20200317114938.0
010 ## - LCCN (DPL NO)
LC control number A-842700
020 ## - INTERNATIONAL STANDARD BOOK NUMBER
Terms of availability 75.00
International Standard Book Number -
035 ## - SYSTEM CONTROL NUMBER
System control number A-842700
037 ## - SOURCE OF ACQUISITION
Source of stock number/acquisition BPPD/PUB
Stock number -
082 ## - DEWEY DECIMAL CLASSIFICATION NUMBER
Classification number 401
100 ## - MAIN ENTRY--PERSONAL NAME
Personal name مر تبہ: محمد حسن
245 ## - TITLE STATEMENT
Title ہند و ستا نی ر نگ
Statement of responsibility, etc مر تبہ: محمد حسن
246 ## - VARYING FORM OF TITLE
Remainder of title Hindustani Rang (Urdu)
Title proper/short title Edited byMohd. Hasan
260 ## - PUBLICATION, DISTRIBUTION, ETC. (IMPRINT)
Place of publication, distribution, etc N.Delhi
Name of publisher, distributor, etc Ghalib Academy
Date of publication, distribution, etc 1993 ء
270 ## - ADDRESS
Address Nizamuddin West,
City N.Delhi
Postal code 110013
Telephone number -
Fax number -
300 ## - PHYSICAL DESCRIPTION
Extent 304 ص
Dimensions 22 Cm(Hb)
942 ## - ADDED ENTRY ELEMENTS (KOHA)
Source of classification or shelving scheme Dewey Decimal Classification
Item type Urdu Bks
Classification part 401
Call number suffix م ح م
Holdings
Withdrawn status Lost status Not for loan Collection code Home library Current library Date acquired Source of acquisition Cost, normal purchase price Full call number Barcode Copy number Cost, replacement price Koha item type
      Non-fiction Central Library Central Library 17/03/2020 BPPD/Ven. 75.00 401 م ح م A-842700 1 75.00 Urdu Bks

© Delhi Public Library
Hit Counter
free hit counter